00635nam a22001815i 4500001000700000003000900007005001700016008004100033080001400074100001900088245013000107260003600237300004200273650003500315700002300350700001800373852006200391168894ES-MaACL20230906213924.0080620s1885 fr |||| | fre d a782.089.61 aReyer, Ernest.10aSigurd [hmúsica impresa] b: opéra en 4 actes et 9 tableaux /cde Camille du Locle et Alfred Blau ; musique de E. Reyer. aParis : bG. Hartmann, c[1885] a1 partitura vocal (503 p.) ; c28 cm.14aÓperas-xPartituras vocales.1 aLocle, Camille du.1 aBlau, Alfred.4 aES-MaACLjL-29310 zBiblioteca Jacinto Martínez Lacalle